Statistieken voor Europese Landen in hun eigen taal

Klik hier om de quiz te nemen!

Algemene statistieken

  • Deze quiz is 164 keer genomen
  • De gemiddelde score is 32 van 45

Antwoordstatistieken

LandNederlands% Correct
BelgiqueBelgië
98%
AndorraAndorra
96%
DeutschlandDuitsland
94%
DanmarkDenemarken
93%
EestiEstland
90%
FranceFrankrijk
90%
ItaliaItalië
90%
KosovaKosovo
90%
LiechtensteinLiechtenstein
90%
EspañaSpanje
90%
ÍslandIJsland
89%
Città del VaticanoVaticaanstad
89%
MaltaMalta
88%
MoldovaMoldavië
88%
MonacoMonaco
88%
NederlandNederland
88%
NorgeNoorwegen
88%
PolskaPolen
87%
PortugalPortugal
87%
San MarinoSan Marino
87%
Česká republikaTsjechië
87%
ÖsterreichOostenrijk
86%
SlovenijaSlovenië
85%
LatvijaLetland
84%
RomâniaRoemenië
84%
LietuvaLitouwen
83%
SlovenskoSlowakije
83%
United KingdomVerenigd Koninkrijk
80%
SchweizZwitserland
78%
LëtzebuergLuxemburg
65%
SverigeZweden
58%
ÉireIerland
54%
РоссияRusland
52%
ΕλλάδαGriekenland
51%
SuomiFinland
50%
HrvatskaKroatië
49%
Босна и ХерцеговинаBosnië en Herzegovina
42%
УкраїнаOekraïne
42%
MagyarországHongarije
41%
Белару́сьWit-Rusland
40%
Северна МакедонијаNoord-Macedonië
39%
БългарияBulgarije
34%
СрбијаServië
31%
ShqipëriAlbanië
28%
Црна ГораMontenegro
15%

Scoreverdeling

Percentiel versus Aantal Correcte Antwoorden

Procent van Mensen met Elke Score

Uw Scoregeschiedenis

U heeft deze quiz nog niet genomen